التربية الدينية : (رقم التسجيلة. 35173)

تفاصيل مارك
000 -LEADER
fixed length control field 00508nam a22001697a 4500
005 - DATE AND TIME OF LATEST TRANSACTION
control field 20251108165930.0
008 - FIXED-LENGTH DATA ELEMENTS--GENERAL INFORMATION
fixed length control field 250721s9999 xx 000 0 ara d
082 14 - DEWEY DECIMAL CLASSIFICATION NUMBER
Classification number ط/372.218/ترب
245 10 - TITLE STATEMENT
Title التربية الدينية :
Remainder of title الجزء التمهيدي /
264 1# - PRODUCTION, PUBLICATION, DISTRIBUTION, MANUFACTURE, AND COPYRIGHT NOTICE
Place of production, publication, distribution, manufacture عمان :
Name of producer, publisher, distributor, manufacturer مكتبة الرائد العلمية،
Date of production, publication, distribution, manufacture, or copyright notice [19-].
300 ## - PHYSICAL DESCRIPTION
Extent 32ص
650 17 - SUBJECT ADDED ENTRY--TOPICAL TERM
Topical term or geographic name as entry element رياض الاطفال
650 17 - SUBJECT ADDED ENTRY--TOPICAL TERM
Topical term or geographic name as entry element الإسلام
650 17 - SUBJECT ADDED ENTRY--TOPICAL TERM
Topical term or geographic name as entry element دراسة و تدريس
942 ## - ADDED ENTRY ELEMENTS (KOHA)
Source of classification or shelving scheme Dewey Decimal Classification
Koha item type كتب
المقتنيات
حالة السحب حالة الفقدان مصدر التصنيف حالة التلف غير قابل للإعارة المكتبة الرئيسية المكتبة الحالية موقع الرف تاريخ التزويد الرقم المتسلسل Total Checkouts رقم الإستدعاء الباركود تاريخ آخر ظهور تاريخ الفاتورة نوع المادة (كوها)
    Dewey Decimal Classification     مكتبة الحسن العامة مكتبة الحسن العامة الأطفال 07/05/2019 [4285]..   ط/372.218/ترب PLD00452541 28/07/2025 07/05/2019 كتب
    Dewey Decimal Classification     مكتبة النصر العامة مكتبة النصر العامة الأطفال 12/07/2004 231500   ط/372.218/ترب 231500 28/07/2025 12/07/2004 كتب
    Dewey Decimal Classification Unchecked   مكتبة النصر العامة مكتبة النصر العامة الأطفال 12/07/2004 2120   ط/372.218/ترب   28/07/2025 12/07/2004 كتب
    Dewey Decimal Classification Unchecked   مكتبة النصر العامة مكتبة النصر العامة الأطفال 12/07/2004 231500   ط/372.218/ترب   28/07/2025 12/07/2004 كتب
    Dewey Decimal Classification     مكتبة النصر العامة مكتبة النصر العامة الأطفال 29/04/2015 [ 5112 ]   ط/372.218/ترب PLD00386623 28/07/2025 29/04/2015 كتب
    Dewey Decimal Classification     مكتبة النصر العامة مكتبة النصر العامة الأطفال 29/04/2015 [ 5111 ]   ط/372.218/ترب PLD00386625 28/07/2025 29/04/2015 كتب
    Dewey Decimal Classification     مكتبة بدر للأطفال مكتبة بدر للأطفال الأطفال 25/08/2022 268400   ط/372.218/ترب PLD00500331 28/07/2025 25/08/2022 كتب
    Dewey Decimal Classification Unchecked   مكتبة حمزة العامة مكتبة حمزة العامة الأطفال 12/07/2004 2825   ط/372.218/ترب   28/07/2025 12/07/2004 كتب
    Dewey Decimal Classification     مكتبة صويلح العامة مكتبة صويلح العامة الأطفال 23/07/2019 06194   ط/372.218/ترب PLD00459027 28/07/2025 23/07/2019 كتب
Implemented & Customized by: BBB with SCIT (Smart Chains for Information Technology)

Powered by Koha